| LEADER | 01173nam a2200229 u 4500 | ||
|---|---|---|---|
| 001 | 10118329 | ||
| 003 | GR-PaULI | ||
| 005 | 20240513120113.0 | ||
| 008 | 151118s1989 gr g p gre d | ||
| 040 | |a GR-PaULI |c GR-PaULI |b gre |e AACR2 | ||
| 082 | 0 | 4 | |a 889.134 |2 23 |
| 100 | 1 | |9 147562 |a Κοζίας, Γιώργος, |d 1958- |4 |e συγγραφέας. | |
| 245 | 1 | 0 | |a Ζωολογικός κήπος / |c Γιώργος Κοζίας. |
| 260 | |a Αθήνα : |b Στιγμή, |c 1989. | ||
| 300 | |a 35 σ. ; |c 21 εκ. | ||
| 655 | 4 | |a Ποίηση | |
| 942 | |2 ddc |c BK | ||
| 952 | |0 0 |1 0 |2 ddc |4 0 |6 889_134000000000000_ΚΟΖ |7 0 |9 186553 |a LISP |b LISP |c DON |d 2016-04-24 |e ΒΑΛ |i 129719 |l 0 |o 889.134 ΚΟΖ |p 025000248973 |r 2016-04-24 00:00:00 |t 1 |v 2016.00 |w 2016-04-24 |y BK15 | ||
| 952 | |0 0 |1 0 |2 ddc |4 0 |6 889_134000000000000_ΚΟΖ |7 0 |9 322902 |a LISP |b LISP |c DON |d 2021-01-29 |e ΓΑΛ |i 145401 |l 0 |o 889.134 ΚΟΖ |p 025000271575 |r 2021-01-29 00:00:00 |t 2 |w 2021-01-29 |y BKN | ||
| 952 | |0 0 |1 0 |2 ddc |4 0 |6 889_134000000000000_ΚΟΖ |7 1 |9 380003 |a LISP |b LISP |c DON |d 2024-05-13 |e ΛΟΓ |i 365396 |l 0 |o 889.134 ΚΟΖ |p 025000310282 |r 2024-05-13 00:00:00 |t 3 |w 2024-05-13 |y BKN | ||
| 998 | |c ΓΚΟΓΚΟΥ |d 2015-11 | ||
| 999 | |c 114981 |d 114981 | ||